Pracovný zošit zo slovenského jazyka pre 7. ročník špeciálnych základných škôl

Bibliographic Details
Main Author: Belanský, Jozef (Author)
Other Authors: Žitňanová, Tatiana, 1956- (Illustrator)
Format: Book
Language:Slovak
PhysicalDescription:59 s. fareb. ilustr. 30 cm
Published: Bratislava Slovenské pedagogické nakladateľstvo - Mladé letá 2016
ISBN:9788010030316
Edition:14. vyd.
Subjects:

MARC

LEADER 00000cam a2200000 a 4500
001 vtls011577517
003 SK-MaSNL
005 20260301183449.0
008 240318s2016 xo a c 000 0 slo
015 |a SNBA2017/01 
020 |a 9788010030316  |q (brož.) 
035 |a urn:nbn:sk:snk-am00cwef 
035 |a urn:nbn:sk:snk-am3hnaw 
035 |a C2D8CFC7-4BE9-4790-B5E6-12D73BA602F7 
040 |a SNK  |b slo  |c SNK  |e AACR2 
041 0 |a slo 
044 |a xo  |c SK 
072 7 |a 811.162.4  |x Slovenčina  |2 konspekt 
080 |a 811.162.4  |2 2011 
080 |a (075.2)  |2 2011 
080 |a (076.1)  |2 2011 
100 1 |a Belanský, Jozef  |4 aut  |9 11161 
245 1 0 |a Pracovný zošit zo slovenského jazyka  |b pre 7. ročník špeciálnych základných škôl  |c Jozef Belanský ; [ilustrácie: Táňa Žitňanová] 
250 |a 14. vyd. 
260 |a Bratislava  |b Slovenské pedagogické nakladateľstvo - Mladé letá  |c 2016 
300 |a 59 s.  |b fareb. ilustr.  |c 30 cm 
650 0 7 |a slovenčina  |2 SNKPH  |9 1350 
650 0 7 |a Slovak language  |2 SNKPHeng  |9 266031 
655 7 |a učebnice špeciálnych základných škôl  |2 SNKPH  |9 70204 
655 7 |a pracovné zošity  |2 SNKPH  |9 70188 
655 7 |a Textbooks (elementary)  |2 SNKPHeng  |9 276977 
655 7 |a Activity books  |2 SNKPHeng  |9 302885 
700 1 |a Žitňanová, Tatiana,  |d 1956-  |4 ill  |9 86022 
852 |a Štátna vedecká knižnica v Banskej Bystrici 
919 |a 978-80-1003031-6 
999 |c 857091  |d 859021 
952 |a SNK  |b SNK  |y PREZ  |7 0  |p 17A1250449  |o snkSB 90989  |i snk2016/28765  |8 0  |0 0  |1 0  |4 0  |d 2016-12-14  |f 1  |l 0  |r 2025-05-14 00:00:00  |w 2026-02-24 
952 |a SNK  |b SNK  |y VYP  |7 0  |p 17A1250450  |o snkSB 90989 D1  |i snk2016/28766  |8 0  |0 0  |1 0  |4 0  |d 2016-12-14  |l 0  |r 2026-02-24 05:00:45  |w 2026-02-24